Quizzes
Events
Quiz Creation
Community
Videos
Private Events
Remove Ads
Sign In
Join for FREE
Feedback
Dark Mode
Quiz Categories
Sports
Geography
Music
Movies
Television
Just For Fun
Miscellaneous
History
Literature
Language
Science
Gaming
Entertainment
Religion
Holiday
For Kids
Quiz Lab
Recent
Popular Today
Quiz Kudos Today
Editor Picks
Curator Picks
Quizzes by...
Day
Popularity
Type
Ratings
Length
Year
Community
Subscriptions
Recent Discussions
Orange Saloon
Badges
Playlists
Quests
Create
Leaderboards
Showdown
Live 5
Trivia Bingo
Activity
Puzzle Library
Sporcle Events
Private Events
Virtual Trivia
Globe League
Become a Host
Pub Owners
SporcleCon
Opinionation
Our Games
Videos
Blog
Mobile Apps
Partnerships
Remove Ads and Go Orange
Feedback
Sports
Athletes
MLB
NBA
NHL
NFL
Soccer
Sports Teams
WWE
NCAA
Football
Premier League
Basketball
Baseball
Hockey
Golf
Tennis
Cricket
Rugby
Auto Racing
Olympics
World Cup
Sports
Athletes
MLB
NBA
NHL
NFL
Soccer
Sports Teams
WWE
NCAA
Football
Premier League
Basketball
Baseball
Hockey
Golf
Tennis
Cricket
Rugby
Auto Racing
Olympics
World Cup
Random Quiz
Search Sporcle
×
Curator Pick
Curator Pick
Sports
NFL
Type in answers that appear in a list
Type in answers that appear in a list
Classic
Best Score? Go Orange.
Best NFL #2 Rushers of 2012 Stats
Can you name the NFL rushing yards leaders that were not the best on their team?
By
27packers
4m
20 Questions
3,019 Plays
3,019 Plays
3,019 Plays
Comments
Comments
Give Quiz Kudos
Give Quiz Kudos
-
- Ratings
hide this ad
More Info
Replay
Link that replays current quiz
Next Quiz
Link to next quiz in quiz playlist
You Got
0%
They Got
Avg Score
68%
Avg Friend Score
Upgrade to see
Score Distribution
Jump to the score distribution portion of the page
Score
0/20
Timer
04:00
0
Plays Today
Team
Player
% Correct
CAR
DeAngelo Williams
92.1%
WAS
Robert Griffin
86.1%
BUF
Fred Jackson
85.9%
PHI
Bryce Brown
83.5%
IND
Donald Brown
83.3%
NYG
Andre Brown
83.1%
DEN
Knowshon Moreno
80.4%
DAL
Felix Jones
75.8%
NOR
Pierre Thomas
73.9%
SEA
Russell Wilson
71.9%
Team
Player
% Correct
CHI
Michael Bush
70.5%
ATL
Jacquizz Rodgers
67.8%
SF
Colin Kaepernick
65.4%
PIT
Isaac Redman
59.9%
DET
Joique Bell
55.7%
BAL
Bernard Pierce
55.2%
SF
Kendall Hunter
55.1%
NYJ
Bilal Powell
47.4%
STL
Daryl Richardson
44.5%
HOU
Justin Forsett
40.6%
Quiz Playlist
Details
Report
Send in Message
Add To Playlist
More Info:
*There can be two players from one team and none from another. ***Any Position* *2012 regular season only
Classic:
Type in answers that appear in a list
Quiz Source
Last Updated: Mar 21, 2018
Curator Pick in
NFL
Quiz Scoreboard
CHALLENGE
Sign Up to Join the Scoreboard
Show All
Scores
Hide
Comments
May contain spoilers
Recently Published
NBA Finals Game Top Scorers (2010s)
by flibbidy
Sports
5m
Guess the 'R' Things in 3 Words
by MSUKent
Miscellaneous
3m
Actor to Badly Drawn Movie III
by MoMosMoProblems
Movies
5m
More to Explore
Quiz From the Vault
Featured Blog Post
Where Does Lost Luggage Go?
hide this ad
You Might Also Like...
Tags
Football Quiz
NFL Quiz
2nd
Rusher
team
Today's Top Quizzes in Sports
Browse Sports
hide this ad
Today's Top Quizzes in NFL
Browse NFL
Top Contributed Quizzes in Sports
1
Les joueurs à 100 buts en Ligue 1 Uber Eats
2
2022 World Cup Stars
3
2024 March Madness Bracket
4
Millionaire: NBA Finals Edition
5
Players with Multiple 50 Home Run Seasons
6
Nickname Match: Athletes VI
7
Criteria MLB: Left Handed Sluggers
8
Iconic Moments in Football - Multiple Choice
9
NFL MVPs ordered
10
First NBA MVP by Team
Explore More
Trending Topics
Crossword
NBA
Anime
Kpop
Disney
Marvel
Harry Potter
Soccer
Puzzle
Song
Country
WWE
NFL
Pokémon
The Office
hide this ad
More By:
27packers
Quiz
Plays
Rating
Category
Featured
Created
Match the Cereals
128,531
3.94
Miscellaneous
Dec 30, 2012
NFL Starting QBs (Miami Dolphins)
50,436
4.47
Sports
Jan 13, 2013
2012 March Madness Teams (Clickable)
23,086
3.40
Sports
Mar 29, 2012
Minefield Top 40 NFL Receiving Yards 2011
17,911
3.30
Sports
Jan 24, 2012
NFL Top 50 Passers Since 2000
16,193
4.77
Sports
Jan 25, 2013
Go to Creator's Profile
Score Distribution
Quiz Creator Spotlight
27packers
Follow
Send a Message
Quizzes Created
-
Created Quiz Play Count
-
More By This Creator
Popular Quizzes Today
1
Find the US States - No Outlines Minefield
2
Find the US States
3
The Countries of the World
4
10 Largest US States in Order
5
Find the Countries of Europe - No Outlines Minefield
6
US States
7
Guess the 'R' Things in 3 Words
8
NBA Finals Game Top Scorers (2010s)
More Sports Quizzes
BOO! Every Masked Champion in WWE-WCW-TNA History!
Curator's Pick
Trending Quizzes
First Name TV: Leading Men
Match the Book to the Film II
First Name TV: Leading Women Drama
3-Word Movies in 1 Word II
Match the Book to the Film VI
Recently Updated
Women's Final Four Teams by Year
bhenderson79
Presidents Quartet II
eogle
Anything But Clue(do)
eogle
Anything But Oceanian Capitals
eogle
Anything But 7
eogle
Anything But Thing
eogle
Word Ladder: February 29
pecheneg
Song Title Questions
pecheneg
Women's NCAA Tournament #1 Seeds
pecheneg
Celebrity Mug Shots
pecheneg
Trending Topics
NBA
Marvel
Kpop
Crossword
Anime
Disney
Harry Potter
Pokémon
Soccer
Song
Puzzle
NFL
The Office
WWE
Country
Your Account Isn't Verified!
In order to create a playlist on Sporcle, you need to verify the email address you used during registration. Go to your
Sporcle Settings
to finish the process.
Report this User
Report this user for behavior that violates our
Community Guidelines
.
Details:
Send Report
Go to the Sporcle.com Mobile Site →
Comments